[Event "Torino op 53rd"]
[Site "Torino"]
[Date "2024.01.03"]
[Round "3"]
[White "Bifulco, Michel"]
[Black "Defromont, Benjamin"]
[Result "1/2-1/2"]
[WhiteElo "2251"]
[BlackElo "2423"]
[PlyCount "68"]
[EventDate "2024.01.02"]
[EventType "swiss"]
[EventRounds "9"]
[EventCountry "ITA"]
[SourceTitle "CB02_2024"]
[SourceDate "2024.01.10"]
[SourceVersion "1"]
[SourceVersionDate "2024.01.10"]
[SourceQuality "1"]

1. e4 c5 2. Nf3 Nc6 3. Bb5 Nf6 4. Bxc6 dxc6 5. d3 Bg4 6. h3 Bh5 7. g4 Bg6 8. b3 Nd7 9. Bb2 Qc7 10. Qe2 e5 11. Nh4 f6 12. g5 0-0-0 13. Nd2 Bf7 14. gxf6 gxf6 15. Nf5 h5 16. h4 Bh6 17. 0-0-0 Bf4 18. Kb1 Nf8 19. Nc4 Ne6 20. c3 Kb8 21. Nce3 Rhg8 22. Rhg1 Bg6 23. Rg2 Qh7 24. Qf3 Rd7 25. Kc2 Rgd8 26. Rdg1 Bf7 27. Rd1 Bg6 28. Rdg1 Bf7 29. Rd1 Ka8 30. a4 Bg6 31. Rdg1 Be8 32. Rd1 Bg6 33. Rdg1 Be8 34. Rd1 Bg6 1/2-1/2

[Event "Wch U20 60th"]
[Site "Mexico City"]
[Date "2023.09.27"]
[Round "6"]
[White "Defromont, Benjamin"]
[Black "Gharibyan, Mamikon"]
[Result "0-1"]
[WhiteElo "2418"]
[BlackElo "2495"]
[PlyCount "120"]
[EventDate "2023.09.21"]
[EventType "swiss"]
[EventRounds "11"]
[EventCountry "MEX"]
[SourceTitle "EXT 2024"]
[Source "ChessBase"]
[SourceDate "2023.10.10"]
[SourceVersion "1"]
[SourceVersionDate "2023.10.10"]
[SourceQuality "1"]

1. d4 Nf6 2. c4 e6 3. Nf3 d5 4. g3 Bb4+ 5. Bd2 a5 6. Bg2 0-0 7. Qc2 c5 8. cxd5 cxd4 9. Nxd4 Qb6 10. e3 exd5 11. 0-0 Nc6 12. Nxc6 bxc6 13. Rc1 Qb8 14. Bxb4 axb4 15. Nd2 Be6 16. Nb3 Rc8 17. Qc5 Nd7 18. Qd4 Ra4 19. Rc2 c5 20. Nxc5 b3 21. Nxa4 bxc2 22. Qd2 Qb5 23. b3 Ne5 24. Nb2 Bf5 25. Rc1 Qa6 26. a4 g6 27. Qxd5 Qe2 28. e4 Nf3+ 29. Bxf3 Qxf3 30. Qd3 Qxd3 31. Nxd3 Bxe4 32. Ne1 Rd8 33. Rxc2 Bxc2 34. Nxc2 Rd2 35. Ne3 Rb2 36. Nd5 Rxb3 37. Kg2 Ra3 38. Nb6 Kg7 39. Kh3 Kf6 40. Kg2 Ke6 41. Kh3 Rc3 42. Kg2 Kd6 43. a5 Kc6 44. Nc8 Ra3 45. Nb6 Kc5 46. Nd7+ Kd4 47. Nb8 Kd5 48. Nd7 h5 49. h4 Rxa5 50. Nf8 Ke5 51. Nd7+ Ke6 52. Nb6 Rc5 53. Na4 Rc2 54. Nb6 Kd6 55. Kf3 Rc3+ 56. Kg2 Rc6 57. Na4 Rc2 58. Nb6 Kc6 59. Nc8 Re2 60. Na7+ Kc5 0-1

[Event "Paris-ch IdF"]
[Site "Paris"]
[Date "2023.07.15"]
[Round "7"]
[White "Bottazzi, Ulysse"]
[Black "Defromont, Benjamin"]
[Result "1-0"]
[WhiteElo "2200"]
[BlackElo "2445"]
[PlyCount "142"]
[EventDate "2023.07.11"]
[EventType "swiss"]
[EventRounds "9"]
[EventCountry "FRA"]
[SourceTitle "CBM 215 Extra"]
[Source "ChessBase"]
[SourceDate "2023.09.30"]
[SourceVersion "1"]
[SourceVersionDate "2023.09.30"]
[SourceQuality "1"]

1. e4 Nf6 2. e5 Nd5 3. d4 d6 4. c4 Nb6 5. exd6 cxd6 6. Nc3 g6 7. Be3 Bg7 8. Rc1 0-0 9. b3 e5 10. Nf3 Bg4 11. Be2 Nc6 12. dxe5 dxe5 13. 0-0 f5 14. c5 Nd7 15. Ng5 Bxe2 16. Qxe2 f4 17. Ne6 Qe7 18. Nxf8 Rxf8 19. Qc4+ Kh8 20. Bd2 f3 21. Be3 Nd4 22. Rfe1 Qh4 23. g3 Qh5 24. Bxd4 exd4 25. Ne4 Ne5 26. Qe6 Nd3 27. Rcd1 Nxe1 28. Rxe1 Qe5 29. Qxe5 Bxe5 30. Ng5 Bg7 31. Kf1 h6 32. Ne6 Rc8 33. Re4 b6 34. Ke1 bxc5 35. Kd2 c4 36. Nxd4 Bxd4 37. Rxd4 cxb3 38. axb3 Re8 39. Kc3 g5 40. h3 Kg7 41. Rd3 Rc8+ 42. Kd4 Kf6 43. Rxf3+ Ke6 44. Re3+ Kd6 45. Rf3 Ke6 46. Rc3 Rf8 47. Rc6+ Kd7 48. Rxh6 Rxf2 49. Rh5 g4 50. hxg4 Rf3 51. Rh7+ Kd6 52. Ke4 Rxg3 53. Kf5 a5 54. Rb7 Kc6 55. Rb8 Kd7 56. g5 Kd6 57. Kf6 Rf3+ 58. Kg7 Ke7 59. g6 Rg3 60. Rb5 Ke6 61. Rxa5 Rxb3 62. Ra6+ Ke7 63. Rf6 Rh3 64. Rf1 Rh2 65. Kg8 Rh3 66. g7 Rh2 67. Rf4 Rh1 68. Re4+ Kd7 69. Kf7 Rf1+ 70. Kg6 Rg1+ 71. Kf6 Kd6 1-0

[Event "Pays de Bray 1st"]
[Site "Gournay en Bray"]
[Date "2023.05.20"]
[Round "8"]
[White "Defromont, Benjamin"]
[Black "Dubessay, Bastien"]
[Result "1-0"]
[WhiteElo "2347"]
[BlackElo "2283"]
[PlyCount "89"]
[EventDate "2023.05.14"]
[EventType "tourn"]
[EventRounds "9"]
[EventCountry "FRA"]
[EventCategory "4"]
[SourceTitle "CBM 214 Extra"]
[Source "ChessBase"]
[SourceDate "2023.07.31"]
[SourceVersion "1"]
[SourceVersionDate "2023.07.31"]
[SourceQuality "1"]

1. d4 d5 2. c4 e6 3. Nf3 a6 4. g3 dxc4 5. a4 Nc6 6. Bg2 Nf6 7. 0-0 Rb8 8. a5 h6 9. Qa4 Bd6 10. Ne5 Bxe5 11. dxe5 Nd5 12. b3 c3 13. Ba3 Bd7 14. Bxd5 exd5 15. Nxc3 Nxe5 16. Qd4 f6 17. Rad1 c6 18. f4 Ng6 19. e4 b6 20. axb6 Qxb6 21. Bc5 Qb7 22. Bd6 Rd8 23. Na4 Kf7 24. Nc5 Qb5 25. exd5 Be8 26. Ne4 Kg8 27. f5 cxd5 28. Bc7 Ne5 29. Nxf6+ gxf6 30. Bxd8 Kg7 31. Qxd5 Qxd5 32. Rxd5 Bb5 33. Rc1 Re8 34. Rc7+ Kg8 35. Bxf6 Nf3+ 36. Kg2 Ne1+ 37. Kh3 Bf1+ 38. Kh4 Be2 39. Rd8 Nf3+ 40. Kh3 Bf1+ 41. Kg4 Ne5+ 42. Kf4 Nd3+ 43. Kf3 Be2+ 44. Kg2 Ne1+ 45. Kg1 1-0

[Event "Pays de Bray 1st"]
[Site "Gournay en Bray"]
[Date "2023.05.14"]
[Round "1"]
[White "Defromont, Benjamin"]
[Black "Dgebuadze, Alexandre"]
[Result "1/2-1/2"]
[WhiteElo "2347"]
[BlackElo "2435"]
[PlyCount "42"]
[EventDate "2023.05.14"]
[EventType "tourn"]
[EventRounds "9"]
[EventCountry "FRA"]
[EventCategory "4"]
[SourceTitle "CBM 214 Extra"]
[Source "ChessBase"]
[SourceDate "2023.07.31"]
[SourceVersion "1"]
[SourceVersionDate "2023.07.31"]
[SourceQuality "1"]

1. e4 e6 2. d4 d5 3. Nc3 Bb4 4. e5 Ne7 5. a3 Bxc3+ 6. bxc3 c5 7. Qg4 0-0 8. Bd3 Nbc6 9. Bg5 Qa5 10. Ne2 Ng6 11. 0-0 c4 12. Bxg6 fxg6 13. a4 Rf5 14. h4 Rb8 15. Bd2 Bd7 16. Ng3 h5 17. Qd1 Rf7 18. Ne2 Ne7 19. Bg5 Rbf8 20. Qd2 Nc8 21. Nf4 Kh7 1/2-1/2

[Event "BEL-chT 2223"]
[Site "Belgium"]
[Date "2022.11.06"]
[Round "3.2"]
[White "Milliet, Sophie"]
[Black "Defromont, Benjamin"]
[Result "1/2-1/2"]
[WhiteElo "2382"]
[BlackElo "2359"]
[PlyCount "70"]
[EventDate "2022.09.25"]
[EventType "team-tourn"]
[EventRounds "11"]
[EventCountry "BEL"]
[SourceTitle "CBM 213 Extra"]
[Source "ChessBase"]
[SourceDate "2023.05.31"]
[SourceVersion "1"]
[SourceVersionDate "2023.05.31"]
[SourceQuality "1"]
[WhiteTeam "Wachtebeke"]
[BlackTeam "Oostende"]
[WhiteTeamCountry "BEL"]
[BlackTeamCountry "BEL"]

1. d4 Nf6 2. c4 e6 3. g3 c5 4. d5 exd5 5. cxd5 b5 6. Bg2 d6 7. a4 b4 8. Nd2 Ba6 9. b3 g6 10. Bb2 Bg7 11. Nh3 0-0 12. 0-0 Nbd7 13. Nf4 Rc8 14. Qc2 Re8 15. Rfe1 c4 16. bxc4 Nb6 17. Qb3 Nxc4 18. Nxc4 Rxc4 19. e3 Qc8 20. Rac1 Rxc1 21. Rxc1 Qb8 22. h4 h5 23. a5 Nd7 24. Bxg7 Kxg7 25. Rb1 Rc8 26. Kh2 Ne5 27. Bh3 Rc5 28. Qa4 Qc7 29. Rxb4 Rxa5 30. Qe8 Ra2 31. Rb8 Rxf2+ 32. Bg2 Rxg2+ 33. Nxg2 Ng4+ 34. Kh3 Nf2+ 35. Kh2 Ng4+ 1/2-1/2